Ecological crisis, our responsibility : (Record no. 118072)
[ view plain ]
| 000 -LEADER | |
|---|---|
| fixed length control field | 00760nam a2200205Ia 4500 |
| 008 - FIXED-LENGTH DATA ELEMENTS--GENERAL INFORMATION | |
| fixed length control field | 140609s9999 xx 000 0 und d |
| 020 ## - INTERNATIONAL STANDARD BOOK NUMBER | |
| International Standard Book Number | 9789715849173 |
| 050 ## - LIBRARY OF CONGRESS CALL NUMBER | |
| Classification number | HC 110.E5 |
| Item number | .Ar781 2010 |
| 100 ## - MAIN ENTRY--PERSONAL NAME | |
| Personal name | Arsenio, Romulo Santiago. |
| 245 ## - TITLE STATEMENT | |
| Title | Ecological crisis, our responsibility : |
| Remainder of title | let us amend our lives! / |
| Statement of responsibility, etc | Romulo Santiago Arsenio, Lourdes Monarca Valencia Arsenio ; Deogracias Suarez Iñiguez Jr., editor |
| 260 ## - PUBLICATION, DISTRIBUTION, ETC. (IMPRINT) | |
| Place of publication, distribution, etc | Quezon City, Philippines : |
| Name of publisher, distributor, etc | C&E Publishing, Inc., |
| Date of publication, distribution, etc | c2010. |
| 300 ## - PHYSICAL DESCRIPTION | |
| Extent | 233 p. : |
| Other physical details | col. ill. ; |
| Dimensions | 22 cm. |
| 500 ## - GENERAL NOTE | |
| General note | Includes bibliographical references, appendices, glossary and index. |
| 521 ## - TARGET AUDIENCE NOTE | |
| Target audience note | |
| 650 ## - SUBJECT ADDED ENTRY--TOPICAL TERM | |
| Topical term or geographic name as entry element | Ecology. |
| 650 ## - SUBJECT ADDED ENTRY--TOPICAL TERM | |
| Topical term or geographic name as entry element | Environment. |
| 650 ## - SUBJECT ADDED ENTRY--TOPICAL TERM | |
| Topical term or geographic name as entry element | Human ecology. |
| 942 ## - ADDED ENTRY ELEMENTS (KOHA) | |
| Call number prefix | Local |
| Koha item type | Books |
| Withdrawn status | Lost status | Damaged status | Home library | Current library | Shelving location | Date acquired | Cost, normal purchase price | Total Checkouts | Full call number | Barcode | Date last seen | Price effective from | Koha item type |
|---|---|---|---|---|---|---|---|---|---|---|---|---|---|
| College Library | College Library | Filipiniana Section | 06/09/2014 | 178.00 | HC 110.E5 .Ar781 2010 | C18360 | 05/08/2018 | 06/09/2014 | Books |